Možnosti využitia matematického modelovania pre zdokonaľovanie projektovania organizačných štruktúr kandidátska dizertačná práca

Gespeichert in:
Bibliographische Detailangaben
1. Verfasser: Ivanička, Koloman
Körperschaft: Vysoká škola ekonomická v Bratislave. Fakulta riadenia
Weitere Verfasser: Šimončič, Stanislav Igor
Format: Buch
Sprache:Slowakisch
Veröffentlicht: Bratislava 1984
Tags: Tag hinzufügen
Keine Tags, Fügen Sie das erste Tag hinzu!

MARC

LEADER 00000nam a2200000 4500
001 c107455
005 20230116084853.7
041 0 |a slo 
044 |a SK 
245 1 0 |a Možnosti využitia matematického modelovania pre zdokonaľovanie projektovania organizačných štruktúr  |b kandidátska dizertačná práca  |c Koloman Ivanička ; Ved. Stanislav Igor Šimončič 
264 1 |a Bratislava  |c 1984 
300 |a 163 s. 
100 1 |a Ivanička, Koloman 
700 1 |a Šimončič, Stanislav Igor 
710 2 |a Vysoká škola ekonomická v Bratislave. Fakulta riadenia